000 00821nam a22002057a 4500
005 20251203174454.0
008 251203b ||||fr|||| 00| 0 eng d
020 _a91-85391-54-9
040 _aCENDOC CAAAP
_bspa
_cCAAAP
041 _aspa
050 _aJC 599.A4
_b.P33
100 1 _95700
_aPacheco Oreamuno, Gilda
_eautor
245 1 _aVerdad, justicia y reparación :
_bDesafíos para la democracia y la convivencia sociala /
_cGilda Pacheco Oreamuno
250 _a1ra edición
260 1 _aSan José, Costa Rica :
_bInstituto Interamericano de Derechos Humanos (IIDH), IDEA Internacional,
_c2007
300 _a239 páginas ;
_c24 x 17 cm
650 0 _9381
_aDerechos Humanos
_xJusticia transicional
_zAmérica Latina
650 0 _9517
_aDemocracia
_xCondiciones sociales
_zAmérica Latina
942 _2lcc
_bDD - MM - AA
_cBK
999 _c4235
_d4235